000
00329nam a2200133Ia 4500
100
_a
Natioanal Semi conductor
650
_a
Automobiles
942
_c
RB
654
_a
Telecommunications
245
_a
Telecommunications databook
260
_b
National semiconductor corpn.
_a
California
_c
1987
546
_a
ENGLISH
999
_c
31988
_d
31988